01050 2200337 4500001002100000005001500021035002000036007000300056008004100059020002200100082001600122084001800138100002900156245010500185250003100290300003800321650001600359700003100375700002400406700003200430264004200462336002100504337003000525338002300555040002200578090002200600850001200622504003400634999002200668990002200690INLIS00000000088182720230915100201 a0010-0923000419ta230915 2023 yoia g ind  a978-623-5283-68-504223a615.321 a615.321 SRI b0 aSri YolandariePengarang10aBuku ajar farmakologi dasar /cSri Yolandari, Evi Mustiqawati, Suherman; penyunting, Neldi Darmian L aCetakan pertama, Juli 2023 a115 halaman :bilustrasi ;c21 cm 4aFarmakologi0 aEvi MustiqawatiePengarang0 aSuhermanePengarang0 aNeldi Darmian LePenyunting31aSleman :bSelfietera Indonesia,c2023 2rdacontentateks 2rdamediaatanpa perantara 2rdacarrieravolume aYOPDYOGbindcrda aCB-D.11 2023-1981 aYOPDYOG aBibliografi : halaman 107-109 aCB-D.11/2023-1981 aCB-D.11/2023-1981